00566pab a2200169 454500008004000000100001700040245012000057260000900177300001400186362000800200650000900208773004200217908000600259909001000265999001700275952010400292180718b2009 xxu||||| |||| 00| 0 eng d aSchou, Arild aWho benefits from demand-driven distribution of HIV/AIDS services? An analysis of the emerging CBO sector in Malawi c2009 ap.155-66. aMay aAIDS aPublic Administration and Development aN a82329 c82329d82329 00104070aIIPAbIIPAd2018-07-19hVolume no: 29, Issue no: 2pAR82789r2018-07-19w2018-07-19yAR